| 000 | 00468nam a2200193Ia 4500 | ||
|---|---|---|---|
| 005 | 20240823010149.0 | ||
| 008 | 240823s9999||||xx |||||||||||||| ||und|| | ||
| 041 | _aENGLISH | ||
| 082 | _A621.381528 N7 | ||
| 100 | _aSugandhi R K | ||
| 245 | 0 | _aThyristors Theory and Applications | |
| 250 | _a2nd | ||
| 260 |
_c1997 _bNew AgemNew Delhi |
||
| 500 | _aTRANSFERED | ||
| 650 |
_aThyristor _bElectronics |
||
| 700 | _a Sugandhi K K | ||
| 942 | _cBK | ||
| 999 |
_c157829 _d157829 |
||